[Event "BL 0405 SC Kreuzberg - Preetzer TSV"]
[Site "?"]
[Date "2005.04.10"]
[Round "15.6"]
[White "Volke, Karsten"]
[Black "Marxen, Peter Dr"]
[Result "1-0"]
[WhiteElo "2483"]
[BlackElo "2212"]
[PlyCount "77"]
[EventDate "2005.??.??"]

1. Nf3 Nf6 2. c4 e6 3. Nc3 d5 4. d4 Be7 5. Bg5 O-O 6. e3 h6 7. Bh4 b6 8. Be2
Bb7 9. Bxf6 Bxf6 10. cxd5 exd5 11. O-O Re8 12. b4 c6 13. Qb3 Nd7 14. b5 cxb5
15. Bxb5 a6 16. Bxd7 Qxd7 17. Qxb6 Bc6 18. Rab1 Bd8 19. Qb3 Bc7 20. Qc2 Rab8
21. Rxb8 Rxb8 22. Rc1 Bd6 23. h3 a5 24. Ne5 Bxe5 25. dxe5 Rb4 26. Ne2 Rc4 27.
Qd2 Rxc1+ 28. Qxc1 Bb5 29. Nd4 Bc4 30. Qa3 Qb7 31. Kh2 Qa8 32. Qb2 a4 33. a3
Bb3 34. Qc3 Qb8 35. f4 Qb7 36. Qc5 Qd7 37. Qb4 Bd1 38. Qb8+ Kh7 39. Qb1+ 1-0

[Event "BL 0405 SC Kreuzberg - Preetzer TSV"]
[Site "?"]
[Date "2005.04.10"]
[Round "15.7"]
[White "Richert, Thomas"]
[Black "Tischbierek, Raj"]
[Result "0-1"]
[WhiteElo "2206"]
[BlackElo "2477"]
[PlyCount "102"]
[EventDate "2005.??.??"]

1. d4 d6 2. Nf3 Bg4 3. Nbd2 Nf6 4. c3 c6 5. e4 Nbd7 6. Be2 e5 7. Qb3 Qb6 8. Qc2
Qc7 9. O-O Be7 10. Nc4 Bh5 11. Ne3 Bg6 12. Nf5 Bxf5 13. exf5 O-O 14. h3 d5 15.
dxe5 Nxe5 16. g3 Bd6 17. Nxe5 Bxe5 18. Bf3 Rfe8 19. Kg2 Nd7 20. Bd2 Re7 21.
Rae1 Rae8 22. Bg5 Bf6 23. Rxe7 Rxe7 24. Bf4 Qa5 25. a3 Qd8 26. Rd1 Nb6 27. b3
Qe8 28. Rd2 h6 29. h4 Nd7 30. a4 Be5 31. Be3 Bb8 32. Re2 a6 33. Bd4 Be5 34. Be3
Bd6 35. Bd4 Be5 36. Be3 a5 37. Rd2 Bd6 38. c4 Rxe3 39. fxe3 Qe5 40. Rf2 Qxg3+
41. Kf1 Ne5 42. Ke2 dxc4 43. bxc4 Qxh4 44. c5 Be7 45. Qc3 Bf6 46. Qb3 Nd7 47.
Rg2 Nxc5 48. Qc2 Nxa4 49. Rg4 Nc3+ 50. Kd3 Qe1 51. Rf4 Be5 0-1

[Event "BL 0405 SFR Neukölln - Hamburger SK"]
[Site "?"]
[Date "2005.04.10"]
[Round "15.1"]
[White "Gustafsson, Jan"]
[Black "Brynell, Stellan"]
[Result "1/2-1/2"]
[WhiteElo "2603"]
[BlackElo "2473"]
[PlyCount "45"]
[EventDate "2005.??.??"]

1. Nf3 d5 2. d4 Nf6 3. c4 dxc4 4. Nc3 a6 5. e4 b5 6. e5 Nd5 7. a4 e6 8. axb5
Nb6 9. Be3 Bb4 10. Nd2 Bxc3 11. bxc3 axb5 12. Rxa8 Nxa8 13. Qg4 Kf8 14. Ne4 Nb6
15. Bg5 Qe8 16. Be2 h6 17. Bc1 N8d7 18. Ba3+ Kg8 19. O-O Bb7 20. Ra1 Bxe4 21.
Qxe4 Nd5 22. Bb2 g6 23. Bd1 {(=)} 1/2-1/2

[Event "BL 0405 SFR Neukölln - Hamburger SK"]
[Site "?"]
[Date "2005.04.10"]
[Round "15.2"]
[White "Polzin, Rainer"]
[Black "Kempinski, Robert"]
[Result "0-1"]
[WhiteElo "2517"]
[BlackElo "2608"]
[PlyCount "92"]
[EventDate "2005.??.??"]

1. e4 c5 2. Nf3 d6 3. d4 cxd4 4. Nxd4 Nf6 5. Nc3 a6 6. f4 e6 7. Be2 Be7 8. Be3
Nc6 9. O-O O-O 10. a4 Qc7 11. Kh1 Re8 12. Bf3 Na5 13. g4 Bf8 14. g5 Nd7 15. Bg2
b6 16. Qe1 Bb7 17. Rd1 g6 18. Nde2 Bg7 19. Qh4 Nc4 20. Bc1 Qc5 21. Rd3 b5 22.
Rh3 Nf8 23. Nd1 Nb6 24. c3 Nbd7 25. Ne3 f5 26. gxf6 Nxf6 27. Ng3 bxa4 28. e5
Bxg2+ 29. Nxg2 dxe5 30. fxe5 Qxe5 31. Be3 N8d7 32. Bd4 g5 33. Bxe5 gxh4 34.
Bxf6 Bxf6 35. Ne4 Bg7 36. Nxh4 Rab8 37. Rf2 Rf8 38. Re2 Rf1+ 39. Kg2 Rb1 40.
Rd3 R1xb2 41. Rxb2 Rxb2+ 42. Kh3 Nb6 43. Ng5 Bf6 44. Nxe6 a3 45. Nf5 Kf7 46.
Nf4 Be5 0-1

[Event "BL 0405 SFR Neukölln - Hamburger SK"]
[Site "?"]
[Date "2005.04.10"]
[Round "15.4"]
[White "Berndt, Stephan"]
[Black "Wahls, Matthias"]
[Result "0-1"]
[WhiteElo "2438"]
[BlackElo "2551"]
[PlyCount "76"]
[EventDate "2005.??.??"]

1. e4 c5 2. Nf3 e6 3. d4 cxd4 4. Nxd4 a6 5. Nc3 Qc7 6. Be2 Nf6 7. O-O d6 8. a4
b6 9. f4 Bb7 10. Bf3 Nbd7 11. Kh1 Be7 12. Qe2 O-O 13. g4 Nb8 14. g5 Nfd7 15.
Be3 Nc6 16. Nb3 Rfe8 17. Bg2 Bf8 18. Rad1 g6 19. Qf2 Rab8 20. Bc1 Ba8 21. Rd3
b5 22. axb5 axb5 23. Rh3 b4 24. Nd1 f5 25. exf5 gxf5 26. Ne3 Bg7 27. Rd1 Nf8
28. Nf1 Ne7 29. Rhd3 Bxg2+ 30. Qxg2 Red8 31. Ng3 Rbc8 32. R1d2 Nfg6 33. Nh5 Bh8
34. Re2 Kf7 35. Nd4 Bxd4 36. Rxd4 Nh4 37. Qh3 Qc6+ 38. Kg1 Nf3+ 0-1

[Event "BL 0405 SFR Neukölln - Hamburger SK"]
[Site "?"]
[Date "2005.04.10"]
[Round "15.5"]
[White "Bezold, Michael"]
[Black "Thiede, Lars"]
[Result "1-0"]
[WhiteElo "2532"]
[BlackElo "2442"]
[PlyCount "77"]
[EventDate "2005.??.??"]

1. e4 g6 2. d4 Bg7 3. Nc3 d6 4. Be3 a6 5. Qd2 Nd7 6. f3 b5 7. a4 b4 8. Nd1 Rb8
9. c3 bxc3 10. bxc3 c5 11. a5 Qc7 12. Ra4 e6 13. Nh3 Ne7 14. Nf4 O-O 15. Be2 e5
16. dxe5 Nxe5 17. Ra2 Rd8 18. O-O N5c6 19. c4 Rb3 20. Nd3 Be6 21. N1b2 Rdb8 22.
Kh1 Nb4 23. Nxb4 R3xb4 24. Nd3 Rb3 25. Nf4 Rb2 26. Rxb2 Rxb2 27. Nxe6 fxe6 28.
Qe1 Nc6 29. Bd2 Ra2 30. f4 Ra1 31. Qf2 Bd4 32. Qf3 Ra2 33. Be1 Bg7 34. Qd3 Nd4
35. Bg4 Qb7 36. Bf2 Qb2 37. Bh3 Kh8 38. Bg1 Rxa5 39. Rb1 1-0

[Event "BL 0405 SFR Neukölln - Hamburger SK"]
[Site "?"]
[Date "2005.04.10"]
[Round "15.6"]
[White "Poldauf, Dirk"]
[Black "Reeh, Oliver"]
[Result "1/2-1/2"]
[WhiteElo "2418"]
[BlackElo "2464"]
[PlyCount "84"]
[EventDate "2005.??.??"]

1. c4 c5 2. g3 g6 3. Bg2 Bg7 4. Nc3 Nc6 5. e3 b6 6. Nge2 Bb7 7. d4 Na5 8. Bxb7
Nxb7 9. O-O Nf6 10. d5 O-O 11. e4 Na5 12. Qd3 d6 13. Bd2 a6 14. Rab1 Nd7 {(=)}
15. b3 Ne5 16. Qe3 Qd7 17. f4 Nexc4 18. bxc4 Nxc4 19. Qd3 Nxd2 20. Qxd2 b5 21.
Kg2 Rab8 22. Ng1 b4 23. Nce2 Qa4 24. Nf3 b3 25. axb3 Qxe4 26. Rfe1 Rb4 27. Nc3
Qf5 28. Na2 Rb7 29. Nh4 Qd7 30. Qd3 Rfb8 31. Nf3 a5 32. Nd2 a4 33. bxa4 Qxa4
34. Nc3 Qa3 35. Rbc1 Rb2 36. Kh1 Qa7 37. Nc4 R2b3 38. Nd2 Ra3 39. Nc4 Rab3 40.
f5 Qa8 41. fxg6 hxg6 42. Nd2 Rxc3 {(=)} 1/2-1/2

[Event "BL 0405 SFR Neukölln - Hamburger SK"]
[Site "?"]
[Date "2005.04.10"]
[Round "15.8"]
[White "Wendt, Jan-Dietrich"]
[Black "Sebastian, Dirk"]
[Result "0-1"]
[WhiteElo "2296"]
[BlackElo "2371"]
[PlyCount "84"]
[EventDate "2005.??.??"]

1. Nf3 Nf6 2. c4 e6 3. Nc3 d5 4. d4 dxc4 5. e4 Bb4 6. Bg5 c5 7. Bxc4 cxd4 8.
Nxd4 Bxc3+ 9. bxc3 Qa5 10. Bb5+ Nbd7 11. Bxf6 Qxc3+ 12. Kf1 gxf6 13. h4 Qa5 14.
Rh3 a6 15. Be2 Nc5 16. Nb3 Nxb3 17. Qxb3 b6 18. Rd1 Bb7 19. Rf3 Qe5 20. Qxb6
Bxe4 21. Rg3 f5 22. Kg1 Ke7 23. Qb4+ Kf6 24. Rd7 Rae8 25. Rxf7+ Kxf7 26. Bh5+
Kf6 27. Bxe8 Rxe8 28. Qd2 Ke7 29. Qh6 f4 30. Rg7+ Kd6 31. f3 Bg6 32. Kh2 Rb8
33. Ra7 Bd3 34. Rf7 Rg8 35. Rxf4 Bf5 36. g4 Qe2+ 37. Kg3 Qe1+ 38. Kh3 Qf1+ 39.
Kg3 Qg1+ 40. Kh3 Qh1+ 41. Kg3 Qg1+ 42. Kh3 Bd3 0-1

[Event "BL 0405 Erfurter SK - SV Wattenscheid"]
[Site "?"]
[Date "2005.04.11"]
[Round "15.2"]
[White "Votava, Jan"]
[Black "Johannessen, Leif Erlend"]
[Result "1-0"]
[WhiteElo "2505"]
[BlackElo "2519"]
[PlyCount "107"]
[EventDate "2005.??.??"]

1. d4 Nf6 2. Nf3 e6 3. c4 d5 4. e3 a6 5. Nbd2 c5 6. Be2 Nc6 7. O-O Be7 8. dxc5
Bxc5 9. a3 O-O 10. b4 Bd6 11. Bb2 Qe7 12. Qc2 Bd7 13. Rfd1 Rad8 14. Rac1 h6 15.
Qc3 Bc8 16. cxd5 exd5 17. Nb3 Rfe8 18. Nbd4 Ne5 19. Nxe5 Bxe5 20. Qc2 Bg4 21.
Nf3 Rc8 22. Qb3 Bxb2 23. Qxb2 Qe6 24. h3 Bh5 25. Nd4 Qd7 26. Bxh5 Nxh5 27. Qb1
Rxc1 28. Rxc1 Rc8 29. Rxc8+ Qxc8 30. Nf5 Qe6 31. Qc2 Nf6 32. Nd4 Qd7 33. f3 Ne8
34. Qc5 Nc7 35. Qb6 Ne6 36. Nf5 Kh7 37. Nd6 Nd8 38. Kf2 f6 39. g4 Kg8 40. Qc5
Qc6 41. Ke2 Ne6 42. Qxc6 bxc6 43. f4 Kf8 44. Nb7 Ke7 45. f5 Nc7 46. Kd3 Nb5 47.
a4 Nd6 48. Nxd6 Kxd6 49. Kd4 a5 50. bxa5 c5+ 51. Kd3 Kc6 52. e4 d4 53. h4 Kb7
54. e5 1-0

[Event "BL 0405 Erfurter SK - SV Wattenscheid"]
[Site "?"]
[Date "2005.04.11"]
[Round "15.3"]
[White "Handke, Florian"]
[Black "Machelett, Heiko"]
[Result "1/2-1/2"]
[WhiteElo "2467"]
[BlackElo "2401"]
[PlyCount "99"]
[EventDate "2005.??.??"]

1. d4 Nf6 2. c4 d6 3. Nf3 Bf5 4. g3 h6 5. Bg2 c6 6. O-O e6 7. Nc3 Be7 8. d5 e5
9. Ne1 O-O 10. e4 Bh7 11. Nd3 Nfd7 12. Be3 c5 13. a3 Re8 14. b4 b6 15. Bh3 Bg5
16. Bxg5 hxg5 17. Qd2 Bg6 18. Rae1 a6 19. Bg4 Ra7 20. Kg2 Nf8 21. Rh1 Nbd7 22.
h4 Nf6 23. Bd1 g4 24. h5 Bxh5 25. Rh4 Bg6 26. bxc5 bxc5 27. Reh1 N8h7 28. Bxg4
Nxg4 29. Rxg4 Qa5 30. Rgh4 Rb7 31. f4 Rb3 32. f5 Qxc3 33. Qxc3 Rxc3 34. fxg6
fxg6 35. Rxh7 Rxd3 36. Rh8+ Kf7 37. Rf1+ Ke7 38. Rh7 Rg8 39. Rb1 Rxa3 40. Rb7+
Kf6 41. Rd7 Ra2+ 42. Kh3 Re2 43. Rxd6+ Kf7 44. Kg4 Rxe4+ 45. Kg5 Rxc4 46. Rd7+
Ke8 47. Ra7 Rd4 48. Ra8+ Kf7 49. Ra7+ Ke8 50. Ra8+ 1/2-1/2

[Event "BL 0405 Erfurter SK - SV Wattenscheid"]
[Site "?"]
[Date "2005.04.11"]
[Round "15.4"]
[White "Casper, Thomas"]
[Black "Appel, Ralf"]
[Result "0-1"]
[WhiteElo "2412"]
[BlackElo "2507"]
[PlyCount "60"]
[EventDate "2005.??.??"]

1. e4 Nf6 2. Nc3 d5 3. e5 Nfd7 4. d4 c5 5. dxc5 e6 6. Nf3 Nc6 7. Bf4 Be7 8. h3
O-O 9. Be2 Nxc5 10. O-O a6 11. Qd2 Qb6 12. Rab1 Rd8 13. Bd3 Nb4 14. Qe2 h6 15.
a3 Nbxd3 16. cxd3 Nb3 17. Qd1 Bd7 18. Nd2 Nxd2 19. Qxd2 Rdc8 20. Rbc1 Bc5 21.
Ne2 a5 22. Be3 d4 23. Bf4 Bf8 24. Rxc8 Rxc8 25. Rc1 Rxc1+ 26. Nxc1 Bc6 27. Qc2
Qb5 28. f3 Be7 29. Ne2 Qd5 30. Ng3 g5 0-1

[Event "BL 0405 Erfurter SK - SV Wattenscheid"]
[Site "?"]
[Date "2005.04.11"]
[Round "15.5"]
[White "Holzke, Frank Dr"]
[Black "Brueggemann, Joachim"]
[Result "1-0"]
[WhiteElo "2492"]
[BlackElo "2404"]
[PlyCount "105"]
[EventDate "2005.??.??"]

1. e4 c5 2. Nf3 d6 3. d4 cxd4 4. Nxd4 Nf6 5. Nc3 e6 6. g3 Be7 7. Bg2 O-O 8. O-O
a6 9. Qe2 Qc7 10. Be3 Bd7 11. a4 Nc6 12. Nxc6 Bxc6 13. Rfb1 b5 14. axb5 axb5
15. Nxb5 Qb7 16. Rxa8 Rxa8 17. Nc3 Nxe4 18. Bxe4 Bxe4 19. Nxe4 Qxe4 20. b4 Bg5
21. Qd3 Qxd3 22. cxd3 Bxe3 23. fxe3 Kf8 24. g4 h6 25. Kg2 Ra2+ 26. Kg3 Ke7 27.
d4 Ra3 28. Kf3 Kd7 29. b5 Ra7 30. h4 g5 31. h5 d5 32. Rb3 Rb7 33. e4 f6 34. Ke3
Kd6 35. Kd3 Rf7 36. exd5 Kxd5 37. Rb1 Rb7 38. b6 Kc6 39. Rf1 Rf7 40. Ke4 Kxb6
41. d5 f5+ 42. Ke5 exd5 43. gxf5 d4 44. Ke6 Rf8 45. Ke7 Rh8 46. f6 Kc5 47. f7
d3 48. f8=Q Rxf8 49. Kxf8 Kd4 50. Kg7 d2 51. Kxh6 g4 52. Kg5 g3 53. Kf4 1-0

[Event "BL 0405 Erfurter SK - SV Wattenscheid"]
[Site "?"]
[Date "2005.04.11"]
[Round "15.6"]
[White "Mueller, Matthias"]
[Black "Dinstuhl, Volkmar Dr"]
[Result "1/2-1/2"]
[WhiteElo "2362"]
[BlackElo "2420"]
[PlyCount "32"]
[EventDate "2005.??.??"]

1. e4 e5 2. Nf3 Nf6 3. d4 Nxe4 4. Bd3 d5 5. Nxe5 Nd7 6. Nxd7 Bxd7 7. O-O Bd6 8.
Nc3 Nxc3 9. bxc3 O-O 10. Qh5 f5 11. Rb1 b6 12. Re1 c6 13. Bg5 Qc7 14. Be7 g6
15. Bxd6 Qxd6 16. Qg5 Rae8 1/2-1/2

[Event "BL 0405 Erfurter SK - SV Wattenscheid"]
[Site "?"]
[Date "2005.04.11"]
[Round "15.7"]
[White "Lemmers, Oscar"]
[Black "Voekler, Bernd"]
[Result "1/2-1/2"]
[WhiteElo "2401"]
[BlackElo "2376"]
[PlyCount "63"]
[EventDate "2005.??.??"]

1. e4 c5 2. c3 d5 3. exd5 Qxd5 4. d4 Nf6 5. Nf3 Bg4 6. Nbd2 Nc6 7. Bc4 Bxf3 8.
Qb3 Na5 9. Qb5+ Qd7 10. Nxf3 Nxc4 11. Qxc4 cxd4 12. Nxd4 a6 13. Bg5 Qd5 14.
Qxd5 Nxd5 15. O-O-O h6 16. Bh4 O-O-O 17. Rhe1 g5 18. Bg3 e6 19. c4 Nb6 20. b3
Bg7 21. Nf3 Rxd1+ 22. Kxd1 Nd7 23. Ne5 Nxe5 24. Bxe5 Bxe5 25. Rxe5 Rd8+ 26. Ke2
Rd4 27. Re3 Rh4 28. h3 Rd4 29. Rd3 Re4+ 30. Re3 Rd4 31. Rd3 Re4+ 32. Re3
1/2-1/2

[Event "BL 0405 Erfurter SK - SV Wattenscheid"]
[Site "?"]
[Date "2005.04.11"]
[Round "15.8"]
[White "Enders, Peter"]
[Black "Straeter, Timo"]
[Result "1-0"]
[WhiteElo "2456"]
[BlackElo "2348"]
[PlyCount "71"]
[EventDate "2005.??.??"]

1. c4 e6 2. Nc3 d5 3. d4 Nf6 4. Nf3 Nbd7 5. cxd5 exd5 6. Bf4 c6 7. e3 Nh5 8.
Bg5 Be7 9. Bxe7 Qxe7 10. Qc2 g6 11. Be2 O-O 12. O-O f5 13. Rab1 f4 14. e4 dxe4
15. Nxe4 Ndf6 16. Nc5 Kh8 17. Rbe1 Qd6 18. Bc4 Bf5 19. Qb3 b6 20. Nd3 Rae8 21.
Nde5 Kg7 22. Re2 Re7 23. Rfe1 Rfe8 24. Bf7 Be6 25. Bxe6 Rxe6 26. Rc1 Qd5 27.
Qa3 c5 28. dxc5 Rxe5 29. Rxe5 Rxe5 30. Nxe5 Qxe5 31. Qxa7+ Kh6 32. cxb6 f3 33.
b7 Qg5 34. Qe3 Nf4 35. g3 Ne2+ 36. Kf1 1-0

[Event "BL 0405 SV Werder Bremen - Solinger SG"]
[Site "?"]
[Date "2005.04.11"]
[Round "15.2"]
[White "Hracek, Zbynek"]
[Black "Stellwagen, Daniel"]
[Result "1-0"]
[WhiteElo "2595"]
[BlackElo "2512"]
[PlyCount "63"]
[EventDate "2005.??.??"]

1. e4 e6 2. d4 d5 3. Nd2 Nf6 4. e5 Nfd7 5. Ngf3 c5 6. c3 Nc6 7. Bd3 Be7 8. O-O
g5 9. dxc5 Ndxe5 10. Nxe5 Nxe5 11. Nb3 Bd7 12. f4 Nxd3 13. Qxd3 h6 14. Be3 Qc7
15. Bd4 Rf8 16. fxg5 hxg5 17. Rae1 O-O-O 18. Qh7 Be8 19. Rf2 a5 20. Be5 Qd7 21.
Bg7 a4 22. Bxf8 Bxf8 23. Qg8 Be7 24. Nd4 Bxc5 25. Qxg5 Qc7 26. a3 Bd6 27. g3
Qb6 28. Kg2 Kb8 29. h4 Rc8 30. h5 Bb5 31. Nxb5 Qxb5 32. h6 1-0

[Event "BL 0405 SV Werder Bremen - Solinger SG"]
[Site "?"]
[Date "2005.04.11"]
[Round "15.3"]
[White "Gabriel, Christian"]
[Black "Pelletier, Yannick"]
[Result "1/2-1/2"]
[WhiteElo "2556"]
[BlackElo "2589"]
[PlyCount "43"]
[EventDate "2005.??.??"]

1. d4 e6 2. Nf3 Nf6 3. c4 Bb4+ 4. Bd2 a5 5. e3 O-O 6. Bd3 d6 7. O-O Bxd2 8.
Nbxd2 Qe7 9. Qc2 e5 10. a3 Bg4 11. Be4 c6 12. Bf5 Bxf3 13. Nxf3 g6 14. Bh3 c5
15. dxe5 dxe5 16. Nd2 Rd8 17. Nb1 Ra6 18. Nc3 Rad6 19. Rfd1 Rxd1+ 20. Rxd1
Rxd1+ 21. Qxd1 Nbd7 22. Qb3 1/2-1/2

[Event "BL 0405 SV Werder Bremen - Solinger SG"]
[Site "?"]
[Date "2005.04.11"]
[Round "15.4"]
[White "Babula, Vlastimil"]
[Black "Naumann, Alexander"]
[Result "1/2-1/2"]
[WhiteElo "2571"]
[BlackElo "2538"]
[PlyCount "47"]
[EventDate "2005.??.??"]

1. d4 Nf6 2. c4 e6 3. Nf3 d5 4. Nc3 dxc4 5. e4 Bb4 6. Bg5 c5 7. Bxc4 cxd4 8.
Nxd4 Bxc3+ 9. bxc3 Qa5 10. Bb5+ Bd7 11. Bxf6 gxf6 12. Qb3 O-O 13. O-O Bxb5 14.
Nxb5 Nc6 15. c4 Rad8 16. Qg3+ Kh8 17. Qh4 Kg7 18. f4 Qd2 19. e5 fxe5 20. Qg5+
Kh8 21. Qf6+ Kg8 22. Qg5+ Kh8 23. Qf6+ Kg8 24. Qg5+ 1/2-1/2

[Event "BL 0405 SV Werder Bremen - Solinger SG"]
[Site "?"]
[Date "2005.04.11"]
[Round "15.5"]
[White "Smeets, Jan"]
[Black "Nyback, Tomi"]
[Result "1/2-1/2"]
[WhiteElo "2515"]
[BlackElo "2554"]
[PlyCount "79"]
[EventDate "2005.??.??"]

1. e4 g6 2. d4 Bg7 3. Nc3 d6 4. f4 Nf6 5. Nf3 c5 6. Bb5+ Bd7 7. e5 Ng4 8. e6
fxe6 9. Ng5 Bxb5 10. Nxb5 Qa5+ 11. c3 Qxb5 12. Qxg4 cxd4 13. Nxe6 Qc4 14. Nxg7+
Kf7 15. Nf5 h5 16. Qg5 Qe6+ 17. Ne3 dxe3 18. Qb5 Nd7 19. Qe2 Qg4 20. Bxe3 Qxe2+
21. Kxe2 Rhc8 22. h3 Nf6 23. Kf3 Nd5 24. Bd4 b5 25. a3 Rc4 26. g4 Rf8 27. gxh5
gxh5 28. f5 Ke8 29. Ke4 Nf6+ 30. Kd3 a6 31. Rhg1 d5 32. Raf1 Kd7 33. Rg6 Rc6
34. Ke3 Ne4 35. Rxc6 Kxc6 36. Kf4 Kd6 37. Be5+ Kc6 38. Bd4 Kd6 39. Be5+ Kc6 40.
Bd4 1/2-1/2

[Event "BL 0405 SV Werder Bremen - Solinger SG"]
[Site "?"]
[Date "2005.04.11"]
[Round "15.7"]
[White "Ernst, Sipke"]
[Black "Schandorff, Lars"]
[Result "1/2-1/2"]
[WhiteElo "2521"]
[BlackElo "2510"]
[PlyCount "40"]
[EventDate "2005.??.??"]

1. e4 c5 2. Nf3 Nc6 3. d4 cxd4 4. Nxd4 Nf6 5. Nc3 e5 6. Ndb5 d6 7. Bg5 a6 8.
Na3 b5 9. Nd5 Be7 10. Bxf6 Bxf6 11. c3 O-O 12. Nc2 Rb8 13. Be2 Bg5 14. O-O Be6
15. a3 a5 16. Qd3 Ne7 17. Nce3 Bxe3 18. Nxe3 Qc7 19. Bg4 Rfd8 20. Bxe6 fxe6
1/2-1/2

[Event "BL 0405 SV Werder Bremen - Solinger SG"]
[Site "?"]
[Date "2005.04.11"]
[Round "15.8"]
[White "Meins, Gerlef"]
[Black "Zysk, Robert"]
[Result "1/2-1/2"]
[WhiteElo "2440"]
[BlackElo "2462"]
[PlyCount "98"]
[EventDate "2005.??.??"]

1. d4 f5 2. g3 Nf6 3. Bg2 g6 4. Nf3 Bg7 5. O-O O-O 6. Nbd2 c6 7. Re1 Ne4 8. c3
d5 9. Ne5 Nd7 10. Nxd7 Bxd7 11. Nxe4 fxe4 12. f3 e5 13. fxe4 exd4 14. cxd4 dxe4
15. Be3 Bf5 16. Qb3+ Rf7 17. Rad1 Qd5 18. Qxd5 cxd5 19. Rc1 Bg4 20. Rc2 Rc8 21.
Rxc8+ Bxc8 22. Rc1 Be6 23. h4 Kf8 24. Kh2 Ke8 25. Bh3 Kd7 26. Bxe6+ Kxe6 27.
Kg2 b6 28. b3 Kd7 29. Rc2 Rf6 30. Bd2 Rc6 31. Rxc6 Kxc6 32. e3 Kd7 33. g4 Bf8
34. Be1 h5 35. Kh3 Ke6 36. Bd2 a6 37. a4 Bd6 38. Be1 Ba3 39. Bd2 Bd6 40. Be1
Bf8 41. Bd2 b5 42. axb5 axb5 43. gxh5 gxh5 44. b4 Kf5 45. Kg3 Bd6+ 46. Kh3 Bc7
47. Be1 Bd8 48. Bd2 Bf6 49. Kg3 Be7 1/2-1/2

[Event "BL 0405 SC Eppingen - SV Hofheim"]
[Site "?"]
[Date "2005.04.10"]
[Round "15.1"]
[White "Savchenko, Stanislav"]
[Black "Gyimesi, Zoltan"]
[Result "1/2-1/2"]
[WhiteElo "2497"]
[BlackElo "2613"]
[PlyCount "49"]
[EventDate "2005.??.??"]

1. d4 Nf6 2. c4 e6 3. Nc3 Bb4 4. Qc2 O-O 5. a3 Bxc3+ 6. Qxc3 b6 7. Bg5 Ba6 8.
e3 d6 9. Bd3 Nbd7 10. Ne2 h6 11. Bh4 c5 12. Qc2 cxd4 13. exd4 Rc8 14. Qa4 Nb8
15. Rd1 Qd7 16. Qb4 Nc6 17. Qd2 Ne8 18. b4 Ne7 19. Rc1 Nf5 20. Bg3 Nf6 21. O-O
Nxg3 22. Nxg3 Rc7 23. Rc2 Rfc8 24. Rfc1 Qe7 25. h3 1/2-1/2

[Event "BL 0405 SC Eppingen - SV Hofheim"]
[Site "?"]
[Date "2005.04.10"]
[Round "15.3"]
[White "Ginsburg, Gennadi"]
[Black "Braun, Arik"]
[Result "1-0"]
[WhiteElo "2481"]
[BlackElo "2480"]
[PlyCount "103"]
[EventDate "2005.??.??"]

1. e4 c5 2. Nf3 e6 3. d4 cxd4 4. Nxd4 Nc6 5. Nb5 d6 6. c4 Nf6 7. N1c3 a6 8. Na3
b6 9. Be2 Bb7 10. O-O Qc7 11. Be3 Ne5 12. f3 Rc8 13. Rc1 Be7 14. Qd2 O-O 15.
Kh1 Rfe8 16. Na4 Ned7 17. b4 Ba8 18. Nc2 Qb8 19. Nd4 g6 20. Rb1 Rc7 21. Rfc1
Rec8 22. Bf1 Re8 23. a3 Rcc8 24. Rc2 Bd8 25. Bg1 Kh8 26. Qc1 Rg8 27. Qb2 g5 28.
h3 h5 29. b5 a5 30. Nc6 Bxc6 31. bxc6 Rxc6 32. c5 dxc5 33. Bb5 Qc8 34. Bxc6
Qxc6 35. Qb5 Qd6 36. Bh2 e5 37. Nb2 g4 38. Rd1 Qe6 39. Rcd2 gxf3 40. Rxd7 Nxe4
41. Rxd8 Nf2+ 42. Kg1 Nxh3+ 43. Kf1 fxg2+ 44. Ke1 Qf5 45. Rxg8+ Kxg8 46. Qe8+
Kh7 47. Rd8 Qf2+ 48. Kd1 g1=Q+ 49. Bxg1 Qxg1+ 50. Kc2 Qg7 51. Nd3 e4 52. Qxe4+
1-0

[Event "BL 0405 SC Eppingen - SV Hofheim"]
[Site "?"]
[Date "2005.04.10"]
[Round "15.4"]
[White "Mann, Christian"]
[Black "Krivoshey, Sergei"]
[Result "0-1"]
[WhiteElo "2455"]
[BlackElo "2499"]
[PlyCount "76"]
[EventDate "2005.??.??"]

1. g3 d5 2. Bg2 c6 3. d3 Nf6 4. Nd2 e5 5. Ngf3 Qc7 6. e4 dxe4 7. dxe4 Bg4 8. h3
Bh5 9. O-O Be7 10. b3 O-O 11. Bb2 Nfd7 12. Nc4 f6 13. Qd2 Nc5 14. Nh4 Rd8 15.
Qc3 Ne6 16. Nf5 Bf8 17. a4 Na6 18. Ba3 Nac5 19. Kh2 a5 20. Qe3 b5 21. axb5 cxb5
22. Nd2 b4 23. Bc1 Nd4 24. Ra2 Nce6 25. Nc4 Be2 26. Rg1 Bc5 27. Nxd4 Nxd4 28.
Kh1 Bxc4 29. bxc4 Nxc2 30. Qb3 Nd4 31. Qa4 b3 32. Rd2 Qc6 33. Qa1 a4 34. g4 a3
35. g5 b2 36. Bxb2 axb2 37. Qxb2 Rab8 38. Qc3 Bb4 0-1

[Event "BL 0405 SC Eppingen - SV Hofheim"]
[Site "?"]
[Date "2005.04.10"]
[Round "15.5"]
[White "Zude, Arno"]
[Black "Schulze, Ulrich"]
[Result "1-0"]
[WhiteElo "2398"]
[BlackElo "2333"]
[PlyCount "105"]
[EventDate "2005.??.??"]

1. e4 Nf6 2. e5 Nd5 3. c4 Nb6 4. d4 d6 5. exd6 cxd6 6. Nc3 g6 7. Be3 Bg7 8. Rc1
O-O 9. b3 a5 10. Be2 e6 11. Nf3 Nc6 12. O-O d5 13. c5 Nd7 14. Qd2 Nxc5 15. dxc5
d4 16. Nxd4 Nxd4 17. Rfd1 Nxe2+ 18. Qxe2 Qh4 19. Na4 e5 20. Nb6 Rb8 21. Qd2 Bg4
22. f3 Be6 23. Qxa5 e4 24. g3 Qh5 25. fxe4 Rbd8 26. Rxd8 Rxd8 27. Nd5 Rf8 28.
Qd2 Qe5 29. Qd3 h5 30. Bf4 Qb2 31. Qd2 Qa3 32. Rc2 Kh7 33. Kg2 Rc8 34. Bd6 Qa6
35. Nf4 Qc6 36. Qd3 Bf5 37. Nd5 Bg4 38. Ne7 Qd7 39. Nxc8 Bh3+ 40. Kg1 Qxc8 41.
b4 f5 42. Rf2 fxe4 43. Qxe4 Qd7 44. Rd2 Qb5 45. Qf4 Qe8 46. Qf2 Qe4 47. Re2 Qd5
48. Re7 Qd1+ 49. Re1 Qd5 50. Bf4 Bd7 51. h4 Bc6 52. Kh2 Bc3 53. Rf1 1-0

[Event "BL 0405 SC Eppingen - SV Hofheim"]
[Site "?"]
[Date "2005.04.10"]
[Round "15.6"]
[White "Miltner, Arndt"]
[Black "Zude, Erik Dr"]
[Result "1/2-1/2"]
[WhiteElo "2402"]
[BlackElo "2385"]
[PlyCount "78"]
[EventDate "2005.??.??"]

1. Nf3 Nf6 2. c3 g6 3. d4 Bg7 4. Bf4 O-O 5. e3 d6 6. h3 b6 7. Be2 Bb7 8. O-O c5
9. Nbd2 Nc6 10. Re1 Rc8 11. a4 Qc7 12. Nc4 Na5 13. Nxa5 bxa5 14. Nd2 Rb8 15.
Bf1 Bc8 16. Qc1 Bd7 17. dxc5 Qxc5 18. e4 Qb6 19. Nc4 Qc5 20. e5 Nd5 21. exd6
Nxf4 22. dxe7 Nxh3+ 23. gxh3 Rfe8 24. Qf4 Be6 25. Rad1 Qxe7 26. Rd5 Rec8 27.
Rxa5 Qd7 28. Rb5 Rxb5 29. axb5 Bf8 30. Ne5 Qc7 31. Qf3 Rd8 32. Nc6 Bd5 33. Qf6
Bxc6 34. Qxc6 Qf4 35. Qe4 Qd2 36. Qe2 Qg5+ 37. Qg4 Qd2 38. Qe2 Qg5+ 39. Qg4 Qd2
1/2-1/2

[Event "BL 0405 SC Eppingen - SV Hofheim"]
[Site "?"]
[Date "2005.04.10"]
[Round "15.7"]
[White "Buchal, Stephan"]
[Black "Koch, Wolfgang Max Dr"]
[Result "1-0"]
[WhiteElo "2365"]
[BlackElo "2330"]
[PlyCount "55"]
[EventDate "2005.??.??"]

1. e4 d6 2. d4 Nf6 3. Nc3 g6 4. Be3 c6 5. h3 Nbd7 6. f4 b5 7. Bd3 a6 8. a3 Nb6
9. Nf3 Bg7 10. O-O O-O 11. Qe1 Nc4 12. Bc1 Qc7 13. Qh4 e6 14. f5 exf5 15. exf5
Bxf5 16. Bxf5 gxf5 17. Bh6 Bxh6 18. Qxh6 Ne4 19. Nxe4 fxe4 20. Qg5+ Kh8 21.
Qf6+ Kg8 22. Qg5+ Kh8 23. Qf6+ Kg8 24. Ng5 Ne3 25. Nxh7 Nxf1 26. Rxf1 Qd8 27.
Qh6 f5 28. Qg6+ 1-0

[Event "BL 0405 OSC Baden Baden - SG Köln Porz"]
[Site "?"]
[Date "2005.04.10"]
[Round "15.4"]
[White "Vallejo Pons, Francisco"]
[Black "Sokolov, Ivan"]
[Result "0-1"]
[WhiteElo "2678"]
[BlackElo "2663"]
[PlyCount "46"]
[EventDate "2005.??.??"]

1. d4 d5 2. c4 c6 3. Nc3 Nf6 4. e3 a6 5. Nf3 e6 6. b3 Bb4 7. Bd2 O-O 8. a3 Bd6
9. b4 Nbd7 10. Qb3 e5 11. Rd1 e4 12. Ng5 Ng4 13. Nh3 Nxh2 14. Be2 Nf6 15. cxd5
cxd5 16. Nxd5 Be6 17. Bc4 Bxh3 18. gxh3 Nh5 19. Nc3 Qh4 20. Bd5 Rae8 21. Bxb7
Qxh3 22. Qd5 Nf3+ 23. Ke2 Ng3+ 0-1

[Event "BL 0405 OSC Baden Baden - SG Köln Porz"]
[Site "?"]
[Date "2005.04.10"]
[Round "15.6"]
[White "Krasenkow, Michal"]
[Black "Beliavsky, Alexander G"]
[Result "0-1"]
[WhiteElo "2676"]
[BlackElo "2660"]
[PlyCount "60"]
[EventDate "2005.??.??"]

1. d4 Nf6 2. c4 e6 3. Nf3 b6 4. Nc3 Bb4 5. Bg5 Bb7 6. Nd2 h6 7. Bh4 O-O 8. Qc2
d5 9. cxd5 exd5 10. e3 Be7 11. O-O-O Nbd7 12. Bd3 c5 13. Kb1 Rc8 14. Bf5 g6 15.
Bxd7 Nxd7 16. Bxe7 Qxe7 17. Nf3 Nf6 18. Ne5 Ne4 19. f3 cxd4 20. exd4 Nxc3+ 21.
bxc3 Qa3 22. Rd3 Rc7 23. f4 Rfc8 24. Rc1 Bc6 25. Rg3 Qa4 26. Qf2 Re8 27. f5 g5
28. Rh3 f6 29. Ng4 Qb5+ 30. Ka1 Re2 0-1